Statistiques concernant Focus sur: Aulë - Tolkien

Cliquez ici pour prendre le quiz!

Statistiques générales

  • Ce quiz a été pris 27 fois
    (26 depuis la dernière actualisation)
  • Le résultat moyen est 6 sur 10

Statistiques - réponses

Informations recherchéesRéponses% Correct
Espèce crééeNains
96%
Première apparitionLe Silmarillion
87%
EspèceVala
83%
ContréeValinor
78%
"Profession"Forgeron
70%
Sauron
65%
Maiar associésSaroumane
52%
EpouseYavanna
48%
Autres nomsMahal
9%
Navatar
4%

Distribution des résultats

Percentile par nombre de réponses

% des personnes avec chaque résultat

Votre développement - résultats

Vous n’avez pas pris ce quiz depuis la dernière actualisation